Signal processing and linear systems (Record no. 1319)

000 -LEADER
fixed length control field 00543nam a2200205 a 4500
001 - CONTROL NUMBER
control field 1319
003 - CONTROL NUMBER IDENTIFIER
control field BD-DhUET
008 - FIXED-LENGTH DATA ELEMENTS--GENERAL INFORMATION
fixed length control field 980109s1998 caua b 001 0 eng
020 ## - INTERNATIONAL STANDARD BOOK NUMBER
International Standard Book Number 0941413357
040 ## - CATALOGING SOURCE
Original cataloging agency DLC
Transcribing agency DLC
Modifying agency BD-DhUET
082 00 - DEWEY DECIMAL CLASSIFICATION NUMBER
Classification number 623.22
Item number LAT/1998
100 ## - MAIN ENTRY--PERSONAL NAME
Personal name Lathi B. P.
245 10 - TITLE STATEMENT
Title Signal processing and linear systems
250 ## - EDITION STATEMENT
Edition statement 1st ed
260 ## - PUBLICATION, DISTRIBUTION, ETC. (IMPRINT)
Place of publication, distribution, etc. New York
Name of publisher, distributor, etc. Oxford University Press
Date of publication, distribution, etc. 1998
300 ## - PHYSICAL DESCRIPTION
Extent x, 850 p.
Other physical details ill.
Dimensions 24 cm.
504 ## - BIBLIOGRAPHY, ETC. NOTE
Bibliography, etc Includes bibliographies
650 #0 - SUBJECT ADDED ENTRY--TOPICAL TERM
Topical term or geographic name as entry element Digital signal processing
942 ## - ADDED ENTRY ELEMENTS (KOHA)
Koha item type General Book
Holdings
Koha normalized classification for sorting Withdrawn status Koha renewals Not for loan Koha date last seen Damaged status Date acquired Price effective from Koha item type Lost status Koha date last borrowed Koha issues (times borrowed) Shelving location Koha full call number Piece designation (barcode) Location (home branch) Copy number Sublocation or collection (holding branch) Source of classification or shelving scheme
623_000000000000000_22LAT1998 2 2019-09-14 2014-09-032014-09-03General Book   Circulation section623.22/LAT/1998103856Central Library, BUET1Central Library, BUET 
623_000000000000000_22LAT1998   2014-09-03 2014-09-032014-09-03General Book   Circulation section623.22/LAT/1998103857Central Library, BUET2Central Library, BUET 
623_220000000000000_LAT_1998   2017-08-19 2014-09-032014-09-03General Book 2015-06-131Circulation section623.22/LAT/1998103859Central Library, BUET3Central Library, BUET 
623_000000000000000_22LAT1998   2017-01-08 2014-09-032014-09-03General Book 2015-10-201Circulation section623.22/LAT/1998103860Central Library, BUET4Central Library, BUET 
623_000000000000000_22LAT1998   2017-04-11 2014-09-032014-09-03General Book 2015-05-251Circulation section623.22/LAT/1998103863Central Library, BUET5Central Library, BUET 
623_000000000000000_22LAT1998   2017-06-13 2014-09-032014-09-03General Book 2015-05-251Circulation section623.22/LAT/1998103864Central Library, BUET6Central Library, BUET 
623_000000000000000_22LAT1998   2017-08-20 2014-09-032014-09-03General Book   Circulation section623.22/LAT/1998103865Central Library, BUET7Central Library, BUET 
623_000000000000000_22LAT1998   2017-10-10 2014-11-182014-11-18General Book   Circulation section623.22/LAT/1998103858Central Library, BUET8Central Library, BUET 
623_220000000000000_LAT1998   2017-05-31 2014-12-022014-12-02General Book 2017-04-181Circulation section623.22 LAT/1998103861Central Library, BUET9Central Library, BUET 
623_220000000000000_LAT_1998 2 2017-02-06 2015-06-032015-06-03General Book   Circulation section623.22/LAT/1998100035Central Library, BUET10Central Library, BUET 
623_220000000000000_LAT_1998   2025-09-17 2007-05-282017-10-31General Book 2025-09-072Circulation section623.22/LAT/1998103862Central Library, BUET11Central Library, BUET